STN EN 590: 2014 (65 6506) [neplatná], Automobilové palivá. Motorová nafta. Požiadavky a skúšobné metódy
Táto norma je slovenskou verziou európskej normy EN 590: 2013 vrátane opravy EN 590: 2013/AC: 2014. Preklad zabezpečil Slovenský ústav technickej normalizácie. Má rovnaké postavenie ako majú oficiálne verzie
| Korporácia: | , |
|---|---|
| Ďalší autori: | |
| Médium: | Kniha |
| Jazyk: | slovenčina angličtina |
| Fyzický popis: | 20 strán tabuľky 30 cm |
| Vydavateľské údaje: |
Bratislava
Úrad pre normalizáciu, metrológiu a skúšobníctvo SR
2014
|
| Predmet: |
MARC
| LEADER | 00000cam a2200000 a 4500 | ||
|---|---|---|---|
| 001 | vtls010594775 | ||
| 003 | SK-MaSNL | ||
| 005 | 20260301215058.0 | ||
| 008 | 160429s2014 xo a frnu 000 0 slo | ||
| 015 | |a SNBN2014 | ||
| 020 | |c (cen. skup. 4) | ||
| 040 | |a SNK |b slo |c SNK |e AACR2 | ||
| 041 | 1 | |a slo |h eng | |
| 044 | |a xo |c SK | ||
| 046 | |a m |m 20140501 (účin.) |n 20180201 (zruš.) | ||
| 072 | 7 | |a 662 |x Výbušniny. Palivá |2 konspekt | |
| 072 | 7 | |a 665 |x Oleje. Tuky. Vosky. Spojivá. Živice |2 konspekt | |
| 080 | |a 662.75/.76 |2 2001 | ||
| 080 | |a 006.86 |2 2001 | ||
| 080 | |a (437.6) |2 2001 | ||
| 080 | |a (4) |2 2001 | ||
| 080 | |a (083) |2 2001 | ||
| 080 | |a 662.62/.8 |2 2001 | ||
| 080 | |a 665.753 |2 2001 | ||
| 084 | |a 75.10.20 |2 ICS | ||
| 130 | 0 | |a STN 65 6506 (STN EN 590) [neplatná] |9 539252 | |
| 245 | 1 | 0 | |a STN EN 590: 2014 (65 6506) [neplatná], Automobilové palivá. Motorová nafta. Požiadavky a skúšobné metódy |
| 246 | 1 | 0 | |a Automobilové palivá |
| 246 | 1 | 0 | |a Motorová nafta |
| 246 | 3 | 0 | |a EN 590: 2013 SK |
| 260 | |a Bratislava |b Úrad pre normalizáciu, metrológiu a skúšobníctvo SR |c 2014 | ||
| 300 | |a 20 strán |b tabuľky |c 30 cm | ||
| 500 | |a Súbežný názov v angličtine, francúzštine, nemčine | ||
| 500 | |a Spracovateľ: SLOVNAFT Bratislava, Iveta Balážová | ||
| 500 | |a Táto norma nahrádza STN EN 590+A1 z augusta 2010 v celom rozsahu | ||
| 500 | |a Norma je nahradená normou STN EN 590+A1 z februára 2018 v celom rozsahu | ||
| 504 | |a Citované normy, súvisiace právne predpisy na strane 2 ; literatúra na strane 17 | ||
| 520 | 8 | |a Táto norma je slovenskou verziou európskej normy EN 590: 2013 vrátane opravy EN 590: 2013/AC: 2014. Preklad zabezpečil Slovenský ústav technickej normalizácie. Má rovnaké postavenie ako majú oficiálne verzie | |
| 540 | |a STN vydané na akomkoľvek nosiči sa môžu rozmnožovať a rozširovať iba so súhlasom určenej právnickej osoby |b SÚTN Bratislava |c zákon 264/1999 Z. z. | ||
| 650 | 0 | 7 | |a pohonné hmoty |2 SNKPH |9 68693 |
| 650 | 0 | 7 | |a Propellants |2 SNKPHeng |9 322662 |
| 650 | 0 | 7 | |a palivá |2 SNKPH |9 20464 |
| 650 | 0 | 7 | |a Fuels |2 SNKPHeng |9 312928 |
| 650 | 0 | 7 | |a motorová nafta |2 SNKPH |9 72961 |
| 650 | 0 | 7 | |a Diesel oil |2 SNKPHeng |9 322488 |
| 650 | 0 | 7 | |a technické normy a štandardy |z Slovensko |2 SNKPH |9 79594 |
| 650 | 0 | 7 | |a technické normy a štandardy |z krajiny Európskej únie |2 SNKPH |9 289341 |
| 655 | 7 | |a normy |2 SNKPH |9 70643 | |
| 700 | 1 | |a Balážová, Iveta |4 trl |9 604420 | |
| 710 | 2 | |a Slovnaft (Bratislava, Slovensko) |4 trl |9 270722 | |
| 710 | 1 | |a Slovensko. |b Úrad pre normalizáciu, metrológiu a skúšobníctvo |4 trl |9 158117 | |
| 710 | 2 | |a Slovenský ústav technickej normalizácie (Bratislava, Slovensko). |b Technická komisia č. 50 Ropa, plynné a kvapalné palivá, ostatné výrobky z ropy a palivá z obnoviteľných zdrojov |4 stn |9 313604 | |
| 852 | |a Štátna vedecká knižnica v Banskej Bystrici | ||
| 958 | |a OP | ||
| 958 | |a NB | ||
| 999 | |c 926815 |d 928745 | ||
| 952 | |a SNK |b SNK |y PREZ |7 0 |p 17A1110011 |o snkSTN EN 590 |i snk2014/11740 |8 0 |0 0 |1 0 |4 0 |d 2014-05-19 |l 0 |r 2026-02-24 08:36:19 |w 2026-02-24 | ||
| 952 | |a SNK |b SNK |y PREZ |7 0 |p 17A1110012 |o snkSTN EN 590 D1 |i snk2014/11741 |8 0 |0 0 |1 0 |4 0 |d 2014-05-19 |l 0 |r 2026-02-24 08:36:19 |w 2026-02-24 | ||


